| 000 | 00839nas a2200265 4500 | ||
|---|---|---|---|
| 001 | BR9703199 | ||
| 003 | BR-BrBNA | ||
| 005 | 20231205100349.0 | ||
| 007 | ta | ||
| 008 | 230509b bl.|||p| |||| 00| 00por d | ||
| 040 |
_aBR-BrBNA _bpor _cBiblioteca Nacional de Agricultura |
||
| 041 | _a(Pt) | ||
| 072 | _aP01 | ||
| 100 | 1 | _aRizza, J.A. | |
| 100 | 1 | _aRibeiro Filho, J. | |
| 100 | 1 | _aHashimoto, M.Y. | |
| 245 | 1 | _aEstudo da arborizacao e das areas verdes do campus 2 da Universidade Federal de Goias | |
| 650 | _aArborizacao | ||
| 650 | _aArea Verde | ||
| 650 | _aPaisagismo | ||
| 650 | _aGoias | ||
| 773 | 0 |
_tAnais da Escola de Agronomia e Veterinaria - Universidade Federal de Goias (Brazil) _xISSN 0100-218X _g(Jan-Dec 1993), v. 23(1) p. 19-45 _wBR9703199 |
|
| 909 |
_a202311 _bLúcia _c55 _dLúcia Elande |
||
| 942 |
_2AGRIS _n0 _cANA |
||
| 999 |
_c155602 _d155602 |
||